LEADER 01301nam 2200373 n 450 001 996390900703316 005 20221107233545.0 035 $a(CKB)1000000000660451 035 $a(EEBO)2248544082 035 $a(UnM)99835893 035 $a(EXLCZ)991000000000660451 100 $a19900816d1618 uy | 101 0 $aeng 135 $aurbn||||a|bb| 200 04$aThe glory and happines of a true Christian$b[electronic resource] $eA sermon preached by Master Rogers at Needham in Norfolke the 28 of Iune. 1617 210 $aLondon $cPrinted by W. I[ones] for T. P[avier] dwelling in Iuie laine$d1618 215 $a[66] p 300 $aSignatures: A-D [E¹]. 300 $aPrinter and publisher from STC. 300 $aMcKerrow 345 on title page. 300 $aSome print faded and show-through; D8 stained. 300 $aReproduction of original in the Union Theological Seminary (New York, N.Y.). Library. 330 $aeebo-0160 606 $aSermons, English$y17th century 615 0$aSermons, English 700 $aRogers$b John$cof Chacombe.$0408693 801 0$bCu-RivES 801 1$bCu-RivES 801 2$bCStRLIN 801 2$bWaOLN 906 $aBOOK 912 $a996390900703316 996 $aThe glory and happines of a true Christian$92366728 997 $aUNISA LEADER 00847nam0-2200313 --450 001 9910911400603321 005 20241205101719.0 020 $aIT$b838923 100 $a20241205d1981----kmuy0itay5050 ba 101 0 $aita 102 $aIT 105 $a 001yy 200 1 $aAlessandro, o Della verita$fArno Schmidt 210 $aTorino$cEinaudi$d1981 215 $a257 p.$d19 cm 225 1 $aNuovi coralli$v305 300 $aScelta di racconti 300 $aTrad. di Emilio Picco 517 1 $aDella verita 676 $a833.9$v18 700 1$aSchmidt,$bArno$f<1914-1979>$0175178 702 1$aPicco,$bEmilio 801 0$aIT$bUNINA$gREICAT$2UNIMARC 901 $aBK 912 $a9910911400603321 952 $aDAM L35 SCHA 01$b2024/8851$fFLFBC 959 $aFLFBC 996 $aGadir oder Erkenne Dich Selbst$914818 997 $aUNINA